Turbo C Programmer's Resource Book
Gespeichert in:
| 1. Verfasser: | |
|---|---|
| Format: | Buch |
| Sprache: | Englisch |
| Veröffentlicht: |
[S.l.]
TAB BOOKS
1987
|
| Tags: |
Keine Tags, Fügen Sie das erste Tag hinzu!
|
MARC
| LEADER | 00000nam a2200000 4500 | ||
|---|---|---|---|
| 001 | c034248 | ||
| 005 | 20250707091254.6 | ||
| 041 | 0 | |a eng | |
| 044 | |a US | ||
| 245 | 1 | 0 | |a Turbo C Programmer's Resource Book |c Frederick Holtz |
| 264 | 1 | |a [S.l.] |b TAB BOOKS |c 1987 | |
| 300 | |a 247 s. | ||
| 100 | 1 | |a Holtz, Frederick | |